Library Banner

Artificial neural networks: (Record no. 18108)

MARC details
000 -LEADER
fixed length control field 00593nam a2200193Ia 4500
001 - CONTROL NUMBER
control field 17699
008 - FIXED-LENGTH DATA ELEMENTS--GENERAL INFORMATION
fixed length control field 140405s9999 xx 000 0 und d
020 ## - INTERNATIONAL STANDARD BOOK NUMBER
International Standard Book Number 0-87942-289-0
040 ## - CATALOGING SOURCE
Transcribing agency PK-LaUMT
082 ## - DEWEY DECIMAL CLASSIFICATION NUMBER
Classification number 621.3815
Item number ART-
100 ## - MAIN ENTRY--PERSONAL NAME
Personal name Clifford Lau
245 ## - TITLE STATEMENT
Title Artificial neural networks:
Remainder of title Paradigms, applications, and hardware implementations.
Statement of responsibility, etc Clifford Lau<>Edgar Sanchez-Sinencio
260 ## - PUBLICATION, DISTRIBUTION, ETC. (IMPRINT)
Place of publication, distribution, etc New York,USA:
Name of publisher, distributor, etc The Institute of Electrical and Electronics Engine,
Date of publication, distribution, etc 1992
300 ## - PHYSICAL DESCRIPTION
Extent 548 p.
500 ## - GENERAL NOTE
General note P. copy
546 ## - LANGUAGE NOTE
Language note EN
700 ## - ADDED ENTRY--PERSONAL NAME
Personal name Edgar Sanchez-Sinencio
942 ## - ADDED ENTRY ELEMENTS (KOHA)
Koha item type Books
Holdings
Withdrawn status Lost status Damaged status Not for loan Home library Current library Date acquired Total Checkouts Full call number Barcode Date last seen Price effective from Koha item type
        UMT Main Campus UMT Main Campus 2014-04-05   621.3815 ART- 20753 2014-04-22 2014-04-22 Books